| 000 | 00611nam a22002177a 4500 | ||
|---|---|---|---|
| 003 | OSt | ||
| 008 | 250702b |||||||| |||| 00| 0 eng d | ||
| 020 | _a9788171642076 | ||
| 082 |
_a630.7170202 _bI39H |
||
| 100 | _aICAR | ||
| 245 |
_aHand Book of Agricultural Extension / _cby ICAR |
||
| 260 |
_a.- New Delhi _b: Indian Council of Agricultural Research _c, 2024 |
||
| 300 | _av,860p | ||
| 650 | _aTechnology (Applied Sciences) | ||
| 650 | _aAgriculture and Related Technologies | ||
| 650 | _aAgriculture | ||
| 650 | _aExtension | ||
| 650 | _aHandbook | ||
| 700 | _aSingh, A. K. | ||
| 942 |
_2ddc _cRFB _01 |
||
| 999 |
_c48328 _d48328 |
||